Normal view
MARC view
Entry Topical Term
001 - CONTROL NUMBER
- control field: 4803
003 - CONTROL NUMBER IDENTIFIER
- control field: ARRUPE
005 - DATE AND TIME OF LATEST TRANSACTION
- control field: 20131203164855.0
008 - FIXED-LENGTH DATA ELEMENTS
- fixed length control field: 131203|| aca||aabn | a|a d
040 ## - CATALOGING SOURCE
- Original cataloging agency: ARRUPE
- Transcribing agency: ARRUPE
150 ## - HEADING--TOPICAL TERM
- Topical term or geographic name as entry element: Stanley, Henry Morton; Livingstone, David; Leopold II; Stanley, Dorothy; Emin Pasha
670 ## - SOURCE DATA FOUND
- Source citation: Work cat.: (ARRUPE): Jeal, Tim 4802, Staanley, 2007